US States That Begin & End With a Vowel Quiz Stats

 Plays Quiz Updated Sep 18, 2016

Challenge
Share
Tweet
Embed
Score 0/8 Timer 01:00
3 Plays Today
State % Correct
Alabama
93.2%
Ohio
89.4%
Alaska
89.2%
Iowa
85.2%
Indiana
84.1%
Arizona
79.1%
Idaho
74.4%
Oklahoma
66.6%

You're not logged in!

Compare scores with friends on all Sporcle quizzes.
Join for Free
OR
Log In

You Might Also Like...

Show Comments

Extras

Top Quizzes Today


Score Distribution

Your Account Isn't Verified!

In order to create a playlist on Sporcle, you need to verify the email address you used during registration. Go to your Sporcle Settings to finish the process.

Report this User

Report this user for behavior that violates our Community Guidelines.

Details: